000 00965 a2200265 4500
005 20080825110956.0
008 080825t xxu||||| |||| 00| 0 eng d
010 _aENG-87086
020 _a8174875190
_c495.00
035 _aEN-70619
037 _bDBAD / PUB
040 _adpl
082 _a301.03
100 _aKapoor, A.N.
245 _aA dictionary of sociology
_cby A.N. Kapoor, V.P. Gupta [and] Mohini Gupta
260 _aNew Delhi
_bRadha Publications
_c2007
270 _a4231/1, Ansari Road, Daryaganj
_bNew Delhi
_e110 002
300 _avi, 259p.
_c21cm (Hb)
490 _aFrontiers of knowledge
_vv.3
500 _aIncludes bibliographical references and index
700 _aGupta, V.P.
700 _aGupta, Mohini
942 _adpl
_cEN
_k301.03 / KAP
_2ddc
_h301.03
_mKAP
999 _c5974
_d5974